Music Quiz

Random Music or Album Quiz

Grammy Nominees (2017) Quiz Stats

 Plays Quiz not verified by Sporcle

Support Sporcle.
Go Orange.
Score 0/76 Timer 10:00
0 Plays Today
Hint Answer % Correct
Record of the YearLuis Fonsi & Daddy Yankee ft Justin Bieber
94%
Song of the YearLuis Fonsi & Daddy Yankee ft Justin Bieber
94%
Best Pop - Duo/GroupLuis Fonsi & Daddy Yankee ft Justin Bieber
94%
Record of the YearBruno Mars
92%
Album of the YearBruno Mars
92%
Song of the YearBruno Mars
92%
Best Pop - SoloEd Sheeran
89.4%
Best Pop Vocal AlbumEd Sheeran
89.4%
Record of the YearJay-Z
85.4%
Album of the YearJay-Z
85.4%
Song of the YearJay-Z
85.4%
Best Rap SongJay-Z
85.4%
Best Rap AlbumJay-Z
85.4%
Record of the YearKendrick Lamar
84.9%
Album of the YearKendrick Lamar
84.9%
Best Rap SongKendrick Lamar
84.9%
Best Rap AlbumKendrick Lamar
84.9%
Song of the YearLogic ft. Alessia Cara & Khalid
78.4%
Best Pop - SoloLady Gaga
76.9%
Best Pop Vocal AlbumLady Gaga
76.9%
Best Rap SongCardi B
72.9%
Record of the YearChildish Gambino
72.4%
Album of the YearChildish Gambino
72.4%
Best Pop - Duo/GroupZedd & Alessia Cara
67.8%
Best Pop - Duo/GroupThe Chainsmokers & Coldplay
67.3%
Best Pop - SoloPink
66.3%
Best New ArtistAlessia Cara
65.8%
Best Pop - Duo/GroupImagine Dragons
65.3%
Best Pop Vocal AlbumImagine Dragons
65.3%
Best Pop - SoloKesha
62.8%
Best Pop Vocal AlbumKesha
62.8%
Best Pop Vocal AlbumColdplay
59.8%
Best New ArtistKhalid
56.8%
Album of the YearLorde
55.8%
Best New ArtistLil Uzi Vert
53.3%
Best Song Written For Visual MediaLa La Land
53.3%
Best Song Written For Visual MediaMoana
52.8%
Best Pop - Duo/GroupPortugal. The Man
50.8%
Hint Answer % Correct
Song of the YearJulia Michaels
49.7%
Best Song Written For Visual MediaFifty Shades Darker
49.7%
Best Country SongSam Hunt
42.7%
Best Pop - SoloKelly Clarkson
38.2%
Best New ArtistJulia Michaels
37.2%
Best Rap AlbumMigos
36.2%
Best New ArtistSZA
34.7%
Best Rap AlbumTyler, The Creator
33.7%
Best Pop Vocal AlbumLana del Rey
33.2%
Best Rock AlbumMetallica
32.7%
Best Country SongMiranda Lambert
28.6%
Best Rock PerformanceFoo Fighters
28.1%
Best Country AlbumChris Stapleton
27.6%
Best Country SongChris Stapleton
27.6%
Best Country SongLittle Big Town
22.1%
Best Country AlbumLittle Big Town
22.1%
Best Alternative Music AlbumArcade Fire
21.1%
Best Alternative Music AlbumFather John Misty
19.6%
Best Rock PerformanceLeonard Cohen
18.1%
Best Alternative Music AlbumGorillaz
16.6%
Best Alternative Music AlbumThe National
16.1%
Best Country AlbumKenny Chesney
16.1%
Best Rock AlbumQueens of the Stone Age
15.6%
Best Country AlbumThomas Rhett
15.6%
Best Rock AlbumMastodon
13.1%
Best Rap SongRapsody
13.1%
Best Rap AlbumRapsody
13.1%
Best Country AlbumLady Antebellum
13.1%
Best Rock AlbumThe War on Drugs
12.6%
Best Alternative Music AlbumLCD Soundsystem
12.6%
Best Country SongMidland
12.1%
Best Rock PerformanceKaleo
11.1%
Best Song Written For Visual MediaLion
10.1%
Best Rock PerformanceChris Cornell
9.5%
Best Rock PerformanceNothing More
9%
Best Rock AlbumNothing More
9%
Best Song Written For Visual MediaMarshall
9%
Best Rap SongDanger Mouse ft. Run the Jewels & Big Boi
7%

You're not logged in!

Compare scores with friends on all Sporcle quizzes.
OR
Log In

From the Vault

Stupid Music Jokes II

by lolshortee

These jokes will have you saying Do-Re-Mi-Ha-So-La-Ti-Do.
Remove Ads.
Support Sporcle.
Get the best of Sporcle when you Go Orange. This ad-free experience offers more features, more stats, and more fun while also helping to support Sporcle. Thank you for becoming a member.

Show Comments

Extras

Top Quizzes Today


Score Distribution

Your Account Isn't Verified!

In order to create a playlist on Sporcle, you need to verify the email address you used during registration. Go to your Sporcle Settings to finish the process.

Report this User

Report this user for behavior that violates our Community Guidelines.

Details: